000 00512nam a2200193Ia 4500
003 OSt
005 20250217164738.0
008 210210b1937 xxu||||| |||| 00| 0 eng d
040 _cAL
041 _aHindi
082 _a869/202
100 _aPREMCHAND
_9144811
_d प्रेमचंदर
245 _aPratijna
_b प्रतिज्ञा
260 _aBanaras
_bSarasvati Prakashana
_c1937
650 _aPratijna
_9144812
690 _aHindi Fiction
_9144813
906 _a024000
942 _2ddc
_cBK
999 _c148965
_d148965